000 00404nam a22001697a 4500
003 OSt
005 20211129085916.0
008 211129b |||||||| |||| 00| 0 eng d
020 _a9789381938324
040 _chu
082 _a307.14097
100 _ar, guha
_920853
245 _acommunity organization and social action
260 _bnew delhi
_ahall
_c2013
300 _a296
942 _2ddc
_cBOOKS
_n0
999 _c20454
_d20454